Statistics for Top 15 Houston Rockets players of all-time

Click here to take the quiz!

General Stats

  • This quiz has been taken 19 times
  • The average score is 9 of 15

Answer Stats

Pos/PlacementAnswer% Correct
C #1Hakeem Olajuwon
100%
SG #2James Harden
100%
C #9Yao Ming
95%
SG #5Clyde Drexler
79%
C #7Ralph Sampson
63%
SF #6Tracy Mcgrady
63%
PG #14Kenny Smith
58%
C #3Moses Malone
58%
PF #11Rudy Tomjanovic
53%
PG #8Calvin Murphy
37%
PF #10Charles Barkley
37%
PG #12Steve Francis
37%
PF #13Otis Thorpe
32%
PF #4Elvin Hayes
26%
PG #15Vernon Maxwell
26%

Score Distribution

Percentile by Number Answered

Percent of People with Each Score

Your Score History

You have not taken this quiz